| 000 | 00690nam a2200241Ia 4500 | ||
|---|---|---|---|
| 005 | 20250108125021.0 | ||
| 008 | 008 250107s9999 xx 000 0 eng d | ||
| 020 | _a978-93-91238-09-4 | ||
| 037 | _aTB | ||
| 040 |
_aCRL _beng _cCRL |
||
| 041 |
_aeng _2eng |
||
| 084 | _aR6 152R1 | ||
| 084 | _qCRL | ||
| 100 | _aDickens Charles Au. | ||
| 245 | 0 |
_aPosthumous papers of the pickwick club _cDickens Charles Au. |
|
| 260 |
_aLondon, UK _bHistorical Reprint Published _c3017 |
||
| 300 | _axiv,419p. | ||
| 365 |
_aINR _b450 |
||
| 490 | _aThe posthumous papers | ||
| 650 |
_aENGLISH FICTIONENGLISH LITERATURE _9729683 |
||
| 942 |
_cTB _hR6 152R1 |
||
| 999 |
_c1235405 _d1235405 |
||